Statistics for Top 15 Countries with Covid-19 Cases - 3 September

Click here to take the quiz!

General Stats

  • This quiz has been taken 25 times
  • The average score is 15 of 24

Answer Stats

country% Correct
India
100%
Brazil
96%
United States
96%
Russia
91%
Mexico
87%
Spain
83%
United Kingdom
83%
Colombia
78%
Peru
78%
Argentina
74%
Bangladesh
74%
Chile
70%
Chile
70%
Iran
65%
South Africa
61%
Saudi Arabia
52%
Bolivia
48%
Israel
35%
Qatar
35%
Bahrain
30%
Kuwait
30%
Oman
30%
Panama
26%
Armenia
22%

Score Distribution

Percentile by Number Answered

Percent of People with Each Score

Your Score History

You have not taken this quiz